All Bounty Hunters- Star Wars - Statistics

General Stats
  • This quiz has been taken 55 times
  • The average score is 20 of 90
Answer Stats
Answer % Correct
Boba Fett
97%
Jango Fett
97%
Bossk
87%
Cad Bane
79%
Dengar
77%
Rothgar Deng
77%
4-LOM
74%
IG-88
74%
Aurra Sing
72%
Din Djarin
69%
Embo
62%
IG-11
62%
Asajj Ventress
59%
Zuckuss
59%
Fennec Shand
56%
Greedo
56%
Zam Wesell
51%
Sugi
41%
Greef Karga
38%
Black Krrsantan
26%
C-21 Highsinger
26%
Latts Razzi
26%
Robonino
26%
Moralo Eval
23%
Boushh
21%
Shahan Alama
21%
Twazzi
21%
Caij Vanda
18%
Derrown
18%
Jakoli
18%
Mantu
18%
Rako Hardeen
18%
Seripas
18%
Cara Dune
15%
HELIOS-3D
15%
Onca
15%
Sixtat
15%
Toro Calican
15%
Bulduga
13%
Castas
13%
Durge
13%
Kiera Swan
13%
Raz
13%
Sinrich
13%
Amanaman
10%
Bric
10%
Cato Parasitti
10%
El-Les
10%
Rumi Paramita
10%
Carib Diss
8%
IG-90
8%
J'Quille
8%
Ketsu Onyo
8%
Oked
8%
Ponda Baba
8%
Athgar Heece
5%
Auromae Iselo
5%
Bazine Netal
5%
Beilert Valance
5%
Chata Hyoki
5%
Chussido
5%
Corde the Half
5%
Fenn Finau
5%
Hoogenz
5%
Jo the Cannibal
5%
Kip Ostar
5%
KLE-0
5%
Mash
5%
Masi Finau
5%
Meyen Corr
5%
Nik Hepho
5%
PR-85T The Other Half
5%
Sarco Plank
5%
Snaggletooth
5%
Sylar Saris
5%
Tam Posla
5%
Beebox
3%
Chanath Cha
3%
Gatt Medo
3%
Honnah
3%
Jas Emari
3%
Jeeta
3%
Kili Oso
3%
Mercurial Swift
3%
Saucer Head
3%
Selfin Jook
3%
Troo-Tril-Tek
3%
Vaslyn Martz
3%
Vorhdelio
3%
Yuhong
3%
No matching quizzes found
Score Distribution
Percent of People with Each Score
Percentile by Number Answered
Your Score History
You have not taken this quiz